Statystyki dla Miasta na litere S w województwie zachodnio-pomorskim #7

Kliknij tutaj aby rozwiązać quiz!

Ogólne statystyki

  • Ten quiz został rozwiązany 14 razy
  • Średni wynik to 5 z 7

Statystyki odpowiedzi

LMNazwa% Poprawnych
394 482Szczecin
100%
39 705Szczecinek
92%
12 288Sławno
77%
67 430Stargard Szczeciński
69%
6 621Sianów
54%
2 485Stępnica
46%
1 387Suchań
23%

Rozkład punktacji

Percentyl według liczby udzielonych odpowiedzi

Procent ludzi z każdym wynikiem

Twoja historia wyników

Nie rozwiązałeś tego quizu